00953nam a2200253 i 450000100060000000300090000600500170001500700030003200800410003501700200007602000180009608000110011410000240012524501880014926000320033730000220036949000370039165000250042870000280045383000470048185200320052899900170056095201220057782068ES-MaACL20250830095354.0t|041122s1990 sp ||||1| spa d aM 84-206-0483-6 a84-206-0483-6 a321.011 aLocke, John.97304610aSegundo tratado sobre el gobierno civil b: un ensayo acerca del verdadero origen, alcance y fin del gobierno civil / cJohn Locke ; traducción, prólogo y notas de Carlos Mellizo. aMadrid : bAlianza, c1990. a238 p. ; c19 cm.1 aEl libro de bolsillo. Clásicos17aEstado2embne9125231 aMellizo, Carlos.97999803aEl libro de bolsillo. pClásicos9179723 aES-MaACLjE-10454 bR.78914 c82068d82068 00104070aATENEOMbATENEOMcDEPO2d2008-01-17eSCl0oE-10454p1085776r2023-02-23 00:00:00w2023-02-23yMONOGRAFIA